Астраханская, Волгоградская, Ростовская области и Калмыцкая АССР. Период 1951-1955 (Запись № 8338844)

Подробности
000 -МАРКЕР
контрольное поле 01327nam2a22002411 4500
001 - ИДЕНТИФИКАТОР ЗАПИСИ
контрольное поле rc\4367990
005 - ИДЕНТИФИКАТОР ВЕРСИИ
контрольное поле 20130416142253.8
035 ## - ДРУГИЕ СИСТЕМНЫЕ НОМЕРА
Идентификатор записи (NLR Aleph) 008539602
100 ## - ДАННЫЕ ОБЩЕЙ ОБРАБОТКИ
Данные общей обработки 20130416d1965 |||y0rusy50 ca
101 0# - ЯЗЫК РЕСУРСА
Язык текста, звукозаписи и т.д. русский
102 ## - СТРАНА ПУБЛИКАЦИИ ИЛИ ПРОИЗВОДСТВА
Страна публикации Российская Федерация
105 ## - ПОЛЕ КОДИРОВАННЫХ ДАННЫХ: ТЕКСТОВЫЕ МАТЕРИАЛЫ, МОНОГРАФИЧЕСКИЕ
Кодированные данные о монографическом текстовом документе y z |||||
200 1# - ЗАГЛАВИЕ И СВЕДЕНИЯ ОБ ОТВЕТСТВЕННОСТИ
Основное заглавие Астраханская, Волгоградская, Ростовская области и Калмыцкая АССР. Период 1951-1955
Первые сведения об ответственности [Ред... Дородницкий, В.С. (отв. ред.) и др.]
Обозначение и номер части Вып. 2
Наименование части Рукописные работы
210 ## - ПУБЛИКАЦИЯ, РАСПРОСТРАНЕНИЕ И ДР.
Дата издания, распространения и т.д. 1965
215 ## - ФИЗИЧЕСКАЯ ХАРАКТЕРИСТИКА
Специфическое обозначение материала и объем 340 с.
461 #0 - УРОВЕНЬ НАБОРА
Встроенное поле 001rc\4367873
-- 2001#$aГеологическая изученность СССР$e[Обзорные главы, рефераты, аннотации и библиогр. справки]$fГлав. ред.: ...В.В. Тихомиров (глав. ред.) [и др.]$gАН СССР. М-во геологии СССР. Комис. по геол. изученности СССР. Ордена Ленина Кольский филиал им. С.М. Кирова. Геол. ин-т Сев.-Зап. геол. упр. Т. 1-$vТ. 11
702 #1 - ИМЯ ЛИЦА - ВТОРИЧНАЯ ОТВЕТСТВЕННОСТЬ
Начальный элемент ввода Дородницкий
Часть имени, кроме начального элемента ввода В. С.
Код отношения Редактор
801 #0 - ИСТОЧНИК ЗАПИСИ
Страна Российская Федерация
Организация NLR
Правила каталогизации psbo
801 #1 - ИСТОЧНИК ЗАПИСИ
Страна Российская Федерация
Организация ELAR
Источник данных rusmarc
852 ## - МЕСТОНАХОЖДЕНИЕ И ШИФР ХРАНЕНИЯ
Идентификатор организации NLR
Шифр хранения (Call Number) 50К/236
942 ## - ДОПОЛНИТЕЛЬНЫЕ ЭЛЕМЕНТЫ ЗАПИСИ (АБИС)
Тип экземпляра АБИС Книга
980 ## - КОЛЛЕКЦИЯ
Название коллекции Национальная библиография
Экземпляры
Тип экземпляра Дата поступления Библиотека постоянного хранения Библиотека текущего хранения Место хранения Шифр хранения Штрих-код Статус экземпляра
Книга 26.10.2013 РНБ (Московский) РНБ (Московский) Фонд литературы для служебного пользования 50К/236 8539602-10